Quo vadis, územní plánování?
Úvahy o postavení územného plánovania a riadenia v minulosti a v súčasných podmienkach. Vzťahy územných plánov a územného riadenia. Súčasná legislatíva zahrňujúca úlohy a funkciu územného plánu. Postavenie územného plánu v riadení a rozhodovaní o využití územia. Kompetencie k hospodáreniu s územím.
Gespeichert in:
| 1. Verfasser: | |
|---|---|
| Format: | Buchkapitel |
| Sprache: | Tschechisch |
| Schlagworte: | |
| Tags: |
Keine Tags, Fügen Sie das erste Tag hinzu!
|
MARC
| LEADER | 00000naa a2200000 4500 | ||
|---|---|---|---|
| 001 | r004840 | ||
| 005 | 20221125081539.4 | ||
| 041 | 0 | |a cze | |
| 044 | |a [CS] | ||
| 245 | 1 | 0 | |a Quo vadis, územní plánování? |c M. Charvát |
| 520 | |a Úvahy o postavení územného plánovania a riadenia v minulosti a v súčasných podmienkach. Vzťahy územných plánov a územného riadenia. Súčasná legislatíva zahrňujúca úlohy a funkciu územného plánu. Postavenie územného plánu v riadení a rozhodovaní o využití územia. Kompetencie k hospodáreniu s územím. | ||
| 610 | 2 | 0 | |a plánovanie územné |
| 610 | 2 | 0 | |a plán územný |
| 610 | 2 | 0 | |a riadenie |
| 610 | 2 | 0 | |a legislatíva |
| 610 | 2 | 0 | |a rozhodovanie |
| 610 | 2 | 0 | |a ČSFR |
| 100 | 1 | |a Charvát, M. | |